000
00304nam a22001337a 4500
008
170623b xxu||||| |||| 00| 0 eng d
020
_a
0898626722
041
_a
eng
080
_a
93
100
_a
21
101
_a
SHH
245
_a
VIOLENT DEATHS IN THE UNITED STATES
_c
HOLINGER, P.C
942
_2
udc
_c
BK
999
_c
19051
_d
19051